000
00317nam a22001457a 4500
008
210514b ||||| |||| 00| 0 eng d
020
_a
2900807842361
041
_a
eng
080
_a
82
082
_a
82
100
_a
16
101
_a
SHH
245
_a
Work and Labor in Early America
_c
Innes,S
942
_2
udc
_c
BK
999
_c
57330
_d
57330